000 00991nam a22002177a 4500
999 _c371034
_d371034
008 201127b ||||| |||| 00| 0 eng d
040 _aISIL EINTRAGEN
_bger
_cSTAFF
_erda
041 _ager
100 _aSchuhmacher, Isabelle
245 _aWo die Frauen das HFO am Laufen hielten.
_bIndustriekultur: Der Mangel an Arbeitskräften in der DDR machte die Berufstätigkeit von Frauen notwendig. Dies galt auch für das Halbleiterwerk, das seine Belegschaft vorwiegend aus Frauen rekrutierte, die sich neu ins Feld der Mikroelektronik einarbeiteten./
_cIsabelle Schuhmacher
653 _aFrankfurt (Oder)
653 _aHalbleiterwerk Frankfurt (Oder)
653 _aStadtarchiv (Frankfurt (Oder))
653 _aAusstellung
653 _aFrau
773 _g32. Jahrgang (2021) Nr. 250 vom 26.10.2021, S. 16
_dFrankfurt (Oder) Märkisches Verlags- und Druckhaus GmbH & Co KG
_tMärkische Oderzeitung
942 _cA